| 000 | 00664nam a2200217 a 4500 | ||
|---|---|---|---|
| 999 |
_c5974 _d5974 |
||
| 001 | 5974 | ||
| 003 | BD-JhCC | ||
| 005 | 20171231141625.0 | ||
| 008 | 171231s2008 bg ||||| |||| 00| 0 ben d | ||
| 035 | _a(BD-JhCC) | ||
| 040 |
_aBD-JhCC _dBD-JhCC |
||
| 041 | _aeng | ||
| 082 |
_a954.92 _bCHA 2008 |
||
| 100 | _a চৌধুরী, ইসলাম, সিরাজুল | ||
| 245 |
_a১৯৫৭ এবং তারপর / _cসিরাজুল ইসলাম চৌধুরী |
||
| 260 |
_aঢাকা : _bঅন্যপ্রকাশ, _c২০০৮ |
||
| 300 |
_a159 p. : _c22cm. |
||
| 650 | _aHistory of Bengali | ||
| 942 |
_2ddc _cBK |
||